000 00747nam a2200277 i 4500
001 C2-0299103
003 PPAK
005 20180728080833.0
008 090628s2009 my |||| ||||| | may d
020 _a9789835941740
040 _aPPAK
_beng
_cPPAK
_erda
082 0 4 _a372.832
_223
090 0 0 _a372.832
_bAFI
_dR
100 0 _aAfif Aiman,
_eauthor
245 1 0 _aPendidikan moral
264 1 _aPetaling Jaya, Selangor :
_bSasbadi ,
_c2009
300 _avii, 200 pages ;
_c21 cm
336 _2rdacontent
_atext
337 _2rdamedia
_aunmediated
338 _2rdacarrier
_avolume
490 1 _aTarget vista SPM
650 1 0 _aMoral education - Study and teaching
700 _eauthor
830 0 _aTarget vista SPM
942 _ddc
_cB
999 _c103083
_d103083